Państwa najczęściej odwiedzane przez Chińczyków - Statystyki

Ogólne statystyki
  • Ten quiz został rozwiązany 1 046 razy
  • Średni wynik to 9 z 14
Statystyki odpowiedzi
# Turyści Kraj % Poprawnych
1,394,203 Japonia
97%
553,846 Stany Zjednoczone
93%
3,546,921 Korea Południowa
82%
619,294 Francja
81%
397,611 Niemcy
78%
413,333 Australia
70%
2,884,539 Tajlandia
66%
646,048 Indonezja
64%
440,683 Wietnam
63%
497,453 Włochy
62%
2,671,350 Tajwan
46%
677,836 Malezja
43%
990,159 Singapur
41%
436,771 Szwajcaria
7%
Nie znaleziono quizów pasujących do podanych kryteriów
Rozkład punktacji
Procent ludzi z każdym wynikiem
Percentyl według liczby udzielonych odpowiedzi
Twoja historia wyników
Nie rozwiązałeś tego quizu